|
|
|
|
| LEADER |
01576nam a2200301 u 4500 |
| 001 |
10088228 |
| 003 |
GR-PaULI |
| 005 |
20211207130224.0 |
| 008 |
101209s2000 ne eng |
| 952 |
|
|
|0 0
|1 0
|2 ddc
|4 0
|6 Π_Σ_551_514000000000000_2_NAT
|7 0
|9 95028
|a LISP
|b LISP
|c REF
|d 2016-04-24
|i 104748
|l 0
|o Π/Σ 551.514 2 NAT
|p 025000190269
|r 2016-04-24 00:00:00
|t 1
|v 2016.00
|w 2016-04-24
|y BKN
|
| 999 |
|
|
|c 63968
|d 63968
|
| 020 |
|
|
|a 0792365135
|
| 040 |
|
|
|a GR-PaULI
|c GR-PaULI
|b gre
|e AACR2
|
| 082 |
0 |
4 |
|a 551.514 2
|2 23
|
| 111 |
|
|
|9 176612
|a NATO Advanced Study Institute on Chemistry and Radiation Changes in Ozone Layer
|d (1999 :
|c Kolymparion, Greece)
|
| 245 |
1 |
0 |
|a Chemistry and radiation changes in the ozone layer /
|c edited by Christos S. Zerefos, Ivar S.A. Isaksen and Ioannis Ziomas.
|
| 260 |
|
|
|a Dordrecht :
|b Kluwer Academic Publishers,
|c 2000.
|
| 300 |
|
|
|a xi, 398 σ. :
|b εικ. ;
|c 25 εκ.
|
| 490 |
1 |
|
|a Nato Science Series : Series C : Mathematical and physical sciences
|v 557.
|
| 504 |
|
|
|a Περιλαμβάνει βιβλιογραφικές παραπομπές και ευρετήριο.
|
| 650 |
|
4 |
|a Ατμοσφαιρικό όζον
|9 91100
|
| 650 |
|
4 |
|a Στρατόσφαιρα
|9 176614
|
| 700 |
1 |
|
|a Ζερεφός, Χρήστος
|4
|9 21560
|e επιμελητής.
|
| 700 |
1 |
|
|a Isaksen, I. S. A.
|q (Ivar S. A.)
|4
|9 91101
|e επιμελητής.
|
| 700 |
1 |
|
|a Ζιώμας, Ιωάννης
|4
|9 91102
|e επιμελητής.
|
| 830 |
|
0 |
|9 162662
|a NATO ASI series.
|p Mathematical and physical sciences
|v 557.
|
| 942 |
|
|
|2 ddc
|c BKN
|
| 998 |
|
|
|c ΜΠΟΥΡΑΣ
|d 2019-06
|